[Event "Kuzbass-ch op"]
[Site "Kemerovo"]
[Date "2011.10.19"]
[Round "7"]
[White "Anastasiev, Victor"]
[Black "Riabov, Aleksandr"]
[Result "1/2-1/2"]
[WhiteElo "2049"]
[BlackElo "1966"]
[PlyCount "90"]
[EventDate "2011.10.14"]
[EventType "swiss"]
[EventRounds "9"]
[EventCountry "RUS"]
[SourceTitle "EXT 2012"]
[Source "ChessBase"]
[SourceDate "2011.11.24"]
[SourceVersion "1"]
[SourceVersionDate "2011.11.24"]
[SourceQuality "1"]

1. e4 c5 2. Bc4 Nc6 3. Nc3 g6 4. f4 d6 5. Nf3 Bg7 6. 0-0 Nf6 7. e5 dxe5 8. fxe5 Nxe5 9. Bb5+ Ned7 10. d3 0-0 11. Qe1 a6 12. Bc4 b5 13. Bb3 Bb7 14. Ng5 Qb6 15. Kh1 e5 16. Qg3 a5 17. a4 b4 18. Nce4 Bd5 19. Nxf6+ Nxf6 20. Bxd5 Nxd5 21. Qf3 Qb7 22. Qh3 h6 23. Ne4 f5 24. Nd6 Qc6 25. Nc4 f4 26. Qf3 Qe6 27. Re1 Nb6 28. Re4 Nxc4 29. Rxc4 Rac8 30. Bd2 g5 31. h3 Rfd8 32. Re1 Qf7 33. Qg4 Rf8 34. b3 f3 35. Qxf3 Qxf3 36. gxf3 Rxf3 37. Kg2 Rf5 38. Be3 Bf8 39. Kg3 Kg7 40. d4 e4 41. dxc5 Bxc5 42. Bd4+ Kg6 43. Rxe4 Bd6+ 44. Kg2 Rxc4 45. bxc4 Kf7 1/2-1/2

[Event "Kuzbass-ch op"]
[Site "Kemerovo"]
[Date "2011.10.18"]
[Round "6"]
[White "Kamaldinov, Lev"]
[Black "Anastasiev, Victor"]
[Result "1-0"]
[WhiteElo "2085"]
[BlackElo "2049"]
[PlyCount "80"]
[EventDate "2011.10.14"]
[EventType "swiss"]
[EventRounds "9"]
[EventCountry "RUS"]
[SourceTitle "EXT 2012"]
[Source "ChessBase"]
[SourceDate "2011.11.24"]
[SourceVersion "1"]
[SourceVersionDate "2011.11.24"]
[SourceQuality "1"]

1. e4 g6 2. d4 Bg7 3. Nc3 d6 4. Bc4 c6 5. f4 b5 6. Bb3 a5 7. a3 Ba6 8. Nce2 Nf6 9. Ng3 Nbd7 10. Nf3 c5 11. e5 Nh5 12. Nxh5 gxh5 13. Bd5 e6 14. Bxa8 Qxa8 15. 0-0 cxd4 16. Qxd4 dxe5 17. Nxe5 Bxe5 18. fxe5 Rg8 19. Rf2 Bb7 20. Qd6 Bxg2 21. h4 Bh3+ 22. Bg5 f6 23. exf6 Nxf6 24. Re1 Qd5 25. Qxd5 Nxd5 26. Kh2 Bg4 27. Re4 Rg6 28. Bd2 Kd7 29. Bxa5 Bf5 30. Rd4 Rg4 31. Rxd5+ exd5 32. Rxf5 Rxh4+ 33. Kg3 Rg4+ 34. Kf3 Ke6 35. Rxh5 Rg7 36. Bc3 Rd7 37. Rh6+ Kf5 38. Rb6 h5 39. Rxb5 h4 40. Be1 h3 1-0

[Event "Kuzbass-ch op"]
[Site "Kemerovo"]
[Date "2011.10.16"]
[Round "4"]
[White "Feofanov, Andrei"]
[Black "Anastasiev, Victor"]
[Result "1-0"]
[WhiteElo "1838"]
[BlackElo "2049"]
[PlyCount "74"]
[EventDate "2011.10.14"]
[EventType "swiss"]
[EventRounds "9"]
[EventCountry "RUS"]
[SourceTitle "EXT 2012"]
[Source "ChessBase"]
[SourceDate "2011.11.24"]
[SourceVersion "1"]
[SourceVersionDate "2011.11.24"]
[SourceQuality "1"]

1. Nf3 Nf6 2. c4 g6 3. g3 Bg7 4. Bg2 0-0 5. 0-0 c6 6. d4 d5 7. cxd5 cxd5 8. Nc3 Nc6 9. Bf4 Nh5 10. Be3 e6 11. Rc1 a6 12. Qd2 Bd7 13. Rfd1 b5 14. a3 Na5 15. Rc2 Nc4 16. Qc1 Qe7 17. Bg5 f6 18. Bh6 a5 19. Bxg7 Nxg7 20. Nd2 Rac8 21. e4 b4 22. axb4 axb4 23. Ne2 Ba4 24. b3 Nxd2 25. Rxc8 Nxb3 26. Rxf8+ Qxf8 27. Qb2 Na5 28. Rb1 b3 29. exd5 Nc4 30. Qc3 Na3 31. Rxb3 Bxb3 32. Qxb3 Nf5 33. dxe6 Kg7 34. g4 Nh4 35. Qb7+ Kh6 36. e7 Qg7 37. e8Q Nxg2 1-0

[Event "Kuzbass-ch op"]
[Site "Kemerovo"]
[Date "2011.10.15"]
[Round "2"]
[White "Sinkin, Boris"]
[Black "Anastasiev, Victor"]
[Result "1/2-1/2"]
[WhiteElo "1933"]
[BlackElo "2049"]
[PlyCount "80"]
[EventDate "2011.10.14"]
[EventType "swiss"]
[EventRounds "9"]
[EventCountry "RUS"]
[SourceTitle "EXT 2012"]
[Source "ChessBase"]
[SourceDate "2011.11.24"]
[SourceVersion "1"]
[SourceVersionDate "2011.11.24"]
[SourceQuality "1"]

1. e4 e5 2. Nf3 Nc6 3. d4 exd4 4. Nxd4 Nxd4 5. Qxd4 Qf6 6. Be3 Qxd4 7. Bxd4 f6 8. Nd2 Ne7 9. Bd3 Nc6 10. Bc3 Bc5 11. a3 0-0 12. f3 Ne5 13. Be2 c6 14. 0-0-0 b5 15. Nb3 Bb6 16. Bd4 Bxd4 17. Rxd4 a5 18. Rhd1 Nf7 19. f4 d6 20. Bf3 a4 21. Na1 Rb8 22. c3 c5 23. R4d2 b4 24. cxb4 cxb4 25. axb4 Rxb4 26. Rd4 Rxd4 27. Rxd4 Bd7 28. Bd1 Rc8+ 29. Kd2 Ra8 30. Nc2 Kf8 31. Nb4 a3 32. bxa3 Rxa3 33. Nc2 Ra2 34. Kc3 Ke7 35. Bf3 f5 36. exf5 Bxf5 37. Ne3 Ra3+ 38. Kd2 g6 39. Nd5+ Kd8 40. Ne3 Ke7 1/2-1/2

[Event "Kemerovo op"]
[Site "Kemerovo"]
[Date "2011.07.29"]
[Round "8"]
[White "Anastasiev, Victor"]
[Black "Starkov, S."]
[Result "1-0"]
[WhiteElo "2046"]
[BlackElo "2236"]
[PlyCount "65"]
[EventDate "2011.07.25"]
[EventType "swiss"]
[EventRounds "9"]
[EventCountry "RUS"]
[SourceTitle "EXT 2012"]
[Source "ChessBase"]
[SourceDate "2011.11.24"]
[SourceVersion "1"]
[SourceVersionDate "2011.11.24"]
[SourceQuality "1"]

1. e4 e5 2. d3 Nc6 3. f4 Bc5 4. Nf3 d6 5. c3 Bg4 6. Be2 Qf6 7. b4 Bb6 8. b5 Nce7 9. fxe5 dxe5 10. Bg5 Qd6 11. a4 f6 12. Bh4 Ng6 13. Bg3 Bxf3 14. gxf3 h5 15. h4 Ba5 16. Kf1 N8e7 17. Qb3 f5 18. Nd2 Qf6 19. Kg2 Nf4+ 20. Bxf4 exf4 21. exf5 Nxf5 22. Ne4 Qg6+ 23. Kh2 Bb6 24. d4 c6 25. Rhg1 Ng3 26. a5 Bc7 27. bxc6 b6 28. axb6 Bxb6 29. c7 Kd7 30. Bb5+ Kxc7 31. Qc4+ Kd8 32. Qd5+ Ke7 33. Qb7+ 1-0

[Event "Kemerovo op"]
[Site "Kemerovo"]
[Date "2010.07.31"]
[Round "9"]
[White "Riabov, Aleksandr"]
[Black "Anastasiev, Victor"]
[Result "1-0"]
[WhiteElo "2005"]
[BlackElo "2090"]
[PlyCount "119"]
[EventDate "2010.07.26"]
[EventType "swiss"]
[EventRounds "9"]
[EventCountry "RUS"]
[SourceTitle "EXT 2011"]
[Source "ChessBase"]
[SourceDate "2010.11.26"]
[SourceVersion "1"]
[SourceVersionDate "2010.11.26"]
[SourceQuality "1"]

1. d4 c5 2. d5 e5 3. e4 d6 4. c4 g6 5. Nc3 Bg7 6. Bd3 Ne7 7. Nge2 0-0 8. f4 f5 9. exf5 gxf5 10. fxe5 dxe5 11. Be3 b6 12. 0-0 Ng6 13. Qc1 Na6 14. a3 Nc7 15. Bg5 Qd6 16. Ng3 e4 17. Be2 Bd7 18. Bh6 Rae8 19. Bxg7 Kxg7 20. Qg5 Qe5 21. Rad1 h6 22. Qd2 e3 23. Qc2 Kh8 24. Nh5 Rg8 25. Bd3 Nh4 26. Nf4 Rg4 27. Nce2 b5 28. b3 Reg8 29. g3 bxc4 30. bxc4 Ne8 31. Qc3 Qxc3 32. Nxc3 Nd6 33. Kh1 Ng6 34. Nce2 Ne5 35. Ne6 Nxd3 36. Rxd3 Rxc4 37. Rxe3 Rc2 38. Rf4 Bb5 39. Rh4 Kh7 40. N2f4 Ne4 41. Re1 Bc4 42. Rb1 Nd6 43. Nxc5 Rc8 44. Nd7 Ba2 45. Re1 Ne4 46. Ne5 Re8 47. Nf3 Rd8 48. Rh5 Rf8 49. Kg1 Rc3 50. Nh4 Rxa3 51. Nxf5 Ra4 52. Rxh6+ Kg8 53. Nd6 Rf6 54. Rxf6 Nxf6 55. Rd1 Ra5 56. Ra1 Ra6 57. Nb7 Ne4 58. d6 Nxd6 59. Nxd6 Rxd6 60. Rxa2 1-0

[Event "Kemerovo op"]
[Site "Kemerovo"]
[Date "2010.07.30"]
[Round "7"]
[White "Trojan, Andrey"]
[Black "Anastasiev, Victor"]
[Result "1/2-1/2"]
[WhiteElo "1850"]
[BlackElo "2090"]
[PlyCount "132"]
[EventDate "2010.07.26"]
[EventType "swiss"]
[EventRounds "9"]
[EventCountry "RUS"]
[SourceTitle "EXT 2011"]
[Source "ChessBase"]
[SourceDate "2010.11.26"]
[SourceVersion "1"]
[SourceVersionDate "2010.11.26"]
[SourceQuality "1"]

1. f4 d5 2. Nf3 g6 3. e3 c5 4. d4 Bg7 5. c3 c4 6. Be2 Nc6 7. 0-0 Bf5 8. Bd2 Nf6 9. Ne5 h5 10. Be1 Ne4 11. Nd2 Nd6 12. b3 Rc8 13. bxc4 Nxe5 14. fxe5 Nxc4 15. Nxc4 dxc4 16. Qa4+ Qd7 17. Qxd7+ Bxd7 18. e4 0-0 19. Bh4 e6 20. Bg5 b5 21. Rac1 Rb8 22. g4 hxg4 23. Bxg4 a5 24. a3 Rfc8 25. Be7 Bf8 26. Bxf8 Rxf8 27. Rb1 Bc6 28. Bf3 Rfd8 29. Rfd1 Bd7 30. Kf2 Kg7 31. h4 Rb6 32. Rb2 b4 33. axb4 axb4 34. Rxb4 Rxb4 35. cxb4 Ba4 36. Rc1 Rxd4 37. Ke3 Rd3+ 38. Kf2 c3 39. Be2 Rh3 40. b5 Rxh4 41. Ke3 c2 42. b6 Rh8 43. Bd3 Rb8 44. Bxc2 Bxc2 45. Rxc2 Rxb6 46. Kf4 Rb1 47. Rg2 Rf1+ 48. Kg5 Rh1 49. Rg4 Rh5+ 50. Kf4 Kh6 51. Rg3 g5+ 52. Kf3 Rh4 53. Ke3 g4 54. Kf4 Kh5 55. Rg1 g3+ 56. Kf3 g2 57. Rxg2 Rh1 58. Ke3 Kh6 59. Kf3 Kh7 60. Kf4 Rh6 61. Ke3 Rg6 62. Rh2+ Kg7 63. Rh3 Kf8 64. Rh8+ Ke7 65. Rh7 Rg1 66. Kf3 Kf8 1/2-1/2

[Event "Kemerovo op"]
[Site "Kemerovo"]
[Date "2010.07.27"]
[Round "3"]
[White "Anastasiev, Victor"]
[Black "Tunik, Sergey"]
[Result "1-0"]
[WhiteElo "2090"]
[BlackElo "1963"]
[PlyCount "95"]
[EventDate "2010.07.26"]
[EventType "swiss"]
[EventRounds "9"]
[EventCountry "RUS"]
[SourceTitle "EXT 2011"]
[Source "ChessBase"]
[SourceDate "2010.11.26"]
[SourceVersion "1"]
[SourceVersionDate "2010.11.26"]
[SourceQuality "1"]

1. e4 e6 2. d4 d5 3. Nd2 Nf6 4. e5 Nfd7 5. f4 c5 6. Ndf3 Nc6 7. c3 b6 8. Bd3 a5 9. Bb5 Qc7 10. Ne2 Ba6 11. Qa4 Bxb5 12. Qxb5 a4 13. Qd3 Be7 14. 0-0 cxd4 15. Nfxd4 Bc5 16. Be3 Bxd4 17. Bxd4 Nc5 18. Qe3 Ne7 19. g4 h5 20. Qh3 Kd7 21. f5 hxg4 22. fxe6+ fxe6 23. Qxg4 Raf8 24. Nf4 Qc8 25. b4 Rxf4 26. Rxf4 Nd3 27. Rf7 Qe8 28. Raf1 g5 29. Qxg5 Rh3 30. R1f3 Rxf3 31. Rxf3 Nb2 32. Bxb6 Nc4 33. Bc5 Ng6 34. Bd4 Ne7 35. Qg7 Qg8 36. Rf7 Qxg7+ 37. Rxg7 Ke8 38. h4 Kf8 39. Rg5 Kf7 40. h5 Nd2 41. Kg2 Ne4 42. Rg4 Nf5 43. b5 Ke7 44. h6 Nxh6 45. Rg7+ Kd8 46. Rg6 Nf7 47. Rxe6 a3 48. Ra6 1-0

[Event "Kemerovo op"]
[Site "Kemerovo"]
[Date "2010.07.27"]
[Round "2"]
[White "Denisov, Lev"]
[Black "Anastasiev, Victor"]
[Result "1-0"]
[WhiteElo "2322"]
[BlackElo "2090"]
[PlyCount "67"]
[EventDate "2010.07.26"]
[EventType "swiss"]
[EventRounds "9"]
[EventCountry "RUS"]
[SourceTitle "EXT 2011"]
[Source "ChessBase"]
[SourceDate "2010.11.26"]
[SourceVersion "1"]
[SourceVersionDate "2010.11.26"]
[SourceQuality "1"]

1. e4 e5 2. Nf3 d6 3. d4 Nf6 4. Nc3 exd4 5. Nxd4 Nc6 6. Be2 Be7 7. 0-0 0-0 8. Be3 Re8 9. f4 Bf8 10. Bf3 d5 11. e5 Nxd4 12. Bxd4 c5 13. Bf2 d4 14. Nb5 a6 15. Nxd4 cxd4 16. exf6 Qxf6 17. Bxd4 Qg6 18. c3 Bf5 19. Qd2 Rab8 20. Rae1 b5 21. Rxe8 Rxe8 22. Re1 Rd8 23. Qe3 h5 24. Qf2 Bd6 25. Qh4 f6 26. Qxh5 Bxf4 27. Qxg6 Bxg6 28. b4 Bf7 29. Kf2 Bxa2 30. Ra1 Bc4 31. Rxa6 Bd6 32. Bb6 Rd7 33. Bg4 Re7 34. Bd8 1-0

[Event "Kemerovo op"]
[Site "Kemerovo"]
[Date "2009.07.25"]
[Round "8"]
[White "Iskulov, Viktor"]
[Black "Anastasiev, Victor"]
[Result "1-0"]
[WhiteElo "2074"]
[BlackElo "2083"]
[PlyCount "57"]
[EventDate "2009.07.20"]
[EventType "swiss"]
[EventRounds "9"]
[EventCountry "RUS"]
[SourceTitle "EXT 2022"]
[Source "ChessBase"]
[SourceDate "2021.10.06"]
[SourceVersion "1"]
[SourceVersionDate "2021.10.06"]
[SourceQuality "1"]

1. d4 Nf6 2. Nf3 g6 3. c4 Bg7 4. Nc3 d6 5. e4 Bg4 6. Be3 0-0 7. Be2 c6 8. h3 Bxf3 9. Bxf3 e5 10. d5 c5 11. Qd2 Re8 12. h4 h5 13. Bg5 Qd7 14. 0-0-0 a6 15. Rdg1 b5 16. Bxf6 Bxf6 17. g4 hxg4 18. Bxg4 Qd8 19. Bf5 Kf8 20. Bxg6 Ra7 21. Bf5 Ke7 22. Kb1 Rb7 23. h5 bxc4 24. h6 a5 25. h7 Na6 26. Rh6 Bh8 27. Qg5+ Kf8 28. Qg8+ Ke7 29. Re6+ 1-0

[Event "Kemerovo op"]
[Site "Kemerovo"]
[Date "2009.07.21"]
[Round "2"]
[White "Kneita, Arunas"]
[Black "Anastasiev, Victor"]
[Result "1-0"]
[WhiteElo "2114"]
[BlackElo "2083"]
[PlyCount "85"]
[EventDate "2009.07.20"]
[EventType "swiss"]
[EventRounds "9"]
[EventCountry "RUS"]
[SourceTitle "EXT 2022"]
[Source "ChessBase"]
[SourceDate "2021.10.06"]
[SourceVersion "1"]
[SourceVersionDate "2021.10.06"]
[SourceQuality "1"]

1. Nf3 Nf6 2. g3 g6 3. Bg2 Bg7 4. 0-0 0-0 5. c4 d6 6. d4 Nbd7 7. Nc3 c5 8. d5 a6 9. Nd2 Rb8 10. a4 Nh5 11. a5 b6 12. axb6 Nxb6 13. e4 e6 14. Qe2 exd5 15. cxd5 Re8 16. Qd3 Nd7 17. f4 Bd4+ 18. Kh1 f5 19. Nc4 Ndf6 20. Na5 fxe4 21. Nxe4 Nxe4 22. Bxe4 Qf6 23. Nc4 Rb4 24. Bf3 Bf5 25. Qd1 Rxc4 26. g4 Bxb2 27. Bxb2 Qxb2 28. gxf5 Nxf4 29. fxg6 Nxg6 30. Bh5 Rc2 31. Qg4 Ree2 32. Qc8+ Kg7 33. Bxe2 Rxe2 34. Qd7+ Re7 35. Qxd6 Qd4 36. Rae1 Rxe1 37. Rxe1 Qd2 38. Qd7+ Kh6 39. Qe6 Qg5 40. d6 Kg7 41. d7 Qd2 42. Rf1 Qd3 43. Qf6+ 1-0

[Event "Kuzbass-ch op"]
[Site "Kemerovo"]
[Date "2008.11.18"]
[Round "6"]
[White "Bondar, Evgeniy"]
[Black "Anastasiev, Victor"]
[Result "1-0"]
[WhiteElo "2202"]
[BlackElo "2087"]
[PlyCount "89"]
[EventDate "2008.11.14"]
[EventType "swiss"]
[EventRounds "9"]
[EventCountry "RUS"]
[SourceTitle "EXT 2022"]
[Source "ChessBase"]
[SourceDate "2021.10.06"]
[SourceVersion "1"]
[SourceVersionDate "2021.10.06"]
[SourceQuality "1"]

1. e4 e5 2. Nf3 d6 3. d4 exd4 4. Nxd4 Nc6 5. Bb5 Bd7 6. Nc3 a6 7. Bxc6 bxc6 8. 0-0 Be7 9. Qd3 Nf6 10. Bg5 0-0 11. f4 c5 12. Nf3 h6 13. Bxf6 Bxf6 14. e5 Be7 15. Nd5 c4 16. Qxc4 dxe5 17. Nxe7+ Qxe7 18. Rfe1 Bb5 19. Qc3 e4 20. Ne5 Rfe8 21. a4 f6 22. Ng6 Qf7 23. axb5 Qxg6 24. Rxa6 Rab8 25. Qc5 Qg4 26. Qc4+ Kh8 27. Rxe4 Qd1+ 28. Kf2 Qd2+ 29. Qe2 Qd7 30. c4 f5 31. Ree6 Qd4+ 32. Kg3 Rxe6 33. Rxe6 Kh7 34. Qc2 Rf8 35. Re5 Qd6 36. c5 Qg6+ 37. Kf2 Qg4 38. g3 h5 39. Qe2 Qh3 40. Ke3 g6 41. Re7+ Kh6 42. b4 h4 43. Qb2 Rg8 44. Qf6 Qg4 45. Qf7 1-0

[Event "Novokuznetsk Goriainov Memorial op"]
[Site "Novokuznetsk"]
[Date "2007.08.14"]
[Round "1"]
[White "Anastasiev, Victor"]
[Black "Nigametzianov, Mikhail"]
[Result "0-1"]
[WhiteElo "2154"]
[BlackElo "2373"]
[PlyCount "60"]
[EventDate "2007.08.14"]
[EventType "swiss"]
[EventRounds "9"]
[EventCountry "RUS"]
[SourceTitle "EXT 2009"]
[Source "ChessBase"]
[SourceDate "2008.11.26"]
[SourceVersion "1"]
[SourceVersionDate "2008.11.26"]
[SourceQuality "1"]

1. e4 e5 2. Nf3 Nc6 3. Bc4 Be7 4. d3 Nf6 5. Nc3 d6 6. h3 0-0 7. Be3 Na5 8. Bb3 c5 9. Bd5 Nxd5 10. Nxd5 f5 11. exf5 Bxf5 12. Qd2 Nc6 13. 0-0-0 Be6 14. Nxe7+ Qxe7 15. a3 b5 16. Ng5 b4 17. a4 b3 18. Nxe6 Qxe6 19. c3 Na5 20. Qe2 Qe8 21. Qg4 c4 22. Kb1 cxd3 23. Qe4 Qf7 24. Qxd3 d5 25. Kc1 Rfd8 26. Bg5 Rd6 27. f3 Nc4 28. Kb1 Qd7 29. Kc1 Qxa4 30. Rhe1 Nxb2 0-1